000 01109nam a2200277 i 4500
001 183546
003 ES-MaACL
005 20231213210245.0
008 140717s2013 sp ao |||| |bspa d
020 _a978-84-86701-66-6
080 _a821.134.2 Cernuda, Luis 1.07(082.2)
080 _a929 Cernuda, Luis
245 0 0 _aLeve es la parte de la vida que como dioses rescatan los poetas
_b: poemas para Luis Cernuda /
_cedición de Miguel Losada.
260 _a[Madrid] :
_bEdiciones de La Revista Áurea :
_bPolibea,
_c[2013]
300 _a172 p. :
_bil. col. y n. ;
_c21 cm.
490 1 _aLa Revista Áurea ;
_v1
505 8 _aContiene: Primeros borradores de ;
_tSoliloquio del farero /
_rpor Luis Cernuda
600 1 7 _aCernuda, Luis,
_d1902-1963-
_xHomenajes
_9142579
700 1 _aLosada, Miguel
_974261
700 1 _aCernuda, Luis,
_d1902-1963
_937529
830 0 _aLa Revista Áurea ;
_v1
_9192113
852 _aES-MaACL
_jA-13156
_9 190487
_bR.149987
_cDEPO1
_dOlim:N-6156
_hDonación: Miguel Losada
903 _aLosada, Miguel
_ednr
_974261
942 _2udc
999 _c183546
_d183546